• 首页
  • 本馆介绍
  • 公告通知
  • 最新文献
  • 馆藏检索
  • 电子资源
  • 读者导购
  • 参考咨询
  • 我的图书馆
  • 登录
  • 详细信息显示
  • 放入我的书架
  • 预约/预借图书
  • 作者相关作品
  • 分类相关作品
  • 丛书相关作品
  • 出版社相关作品

书目信息

  • 表格格式
  • 工作单格式
  • 卡片格式
题名:
农地确权、农地流转与新型农业经营主体培育研究
    
 
作者: 许恒周 著
分册:  
出版信息: 北京   经济科学出版社  2019.3
页数: 160页
开本: 23cm
丛书名:
单 册:
中图分类: F321.1 , F324
科图分类:
主题词: 农业用地--nong ye yong di--土地所有权--土地制度--研究--中国 , 农业用地--nong ye yong di--土地流转--研究--中国 , 农业经营--nong ye jing ying--研究--中国
电子资源:
ISBN: 978-7-5218-0292-4
000 01625nam0 2200265 450
001 2157975763
005 20211011172911.0
010    @a978-7-5218-0292-4@dCNY38.00
100    @a20190221d2019 em y0chiy0110 ea
101 0  @achi
102    @aCN@b110000
105    @ay z 000yy
106    @ar
200 1  @a农地确权、农地流转与新型农业经营主体培育研究@Anong di que quan nong di liu zhuai yu xin xing nong ye jing ying zhu ti pei yu yan jiu@f许恒周著
210    @a北京@c经济科学出版社@d2019.3
215    @a160页@d23cm
330    @a土地制度变革的核心问题就是农地经营主体的问题,也可以说是由谁来种地的问题。党的十八大和十八届三中全会提出,鼓励承包经营权在公开市场上流转,发展多种形式适度规模经营,培育新型农业生产经营主,引导农村主地承包经营权有序流转,鼓励和支持承包土地向专业大户、家庭农场、农民合作社流转,发展多种形式的适度规模经营。土地流转背景下发展起来的新型农业经营主体更是成为了各界广泛关注的热点问题。新型农业经营主体的发展和农村土地流转之间关系是互为影响、密不可分的。城市化和农民就业结构转变推动了土地流转,土地的流转催生了不同类型的农业经营主体;新发展的农业经营主体又进一步引导和促进农户进行土地流转。 因此,本书运用比较分析和实证分析方法,对农地确权、农地流转和新型农业经营主体进行深入研究,以期为新型农业经营主体培育机制和推动现代化农业发展提供政策建议。
606 0  @a农业用地@Anong ye yong di@x土地所有权@x土地制度@x研究@y中国
606 0  @a农业用地@Anong ye yong di@x土地流转@x研究@y中国
606 0  @a农业经营@Anong ye jing ying@x研究@y中国
690    @aF321.1@v5
690    @aF324@v5
701  0 @a许恒周@Axu heng zhou@4著
801  0 @aCN@b百万庄@c20211006
905    @b1305734-36@dF321.1@e204@f3
    
    农地确权、农地流转与新型农业经营主体培育研究/许恒周著.-北京:经济科学出版社,2019.3
    160页;23cm
    
    
    ISBN 978-7-5218-0292-4:CNY38.00
    土地制度变革的核心问题就是农地经营主体的问题,也可以说是由谁来种地的问题。党的十八大和十八届三中全会提出,鼓励承包经营权在公开市场上流转,发展多种形式适度规模经营,培育新型农业生产经营主,引导农村主地承包经营权有序流转,鼓励和支持承包土地向专业大户、家庭农场、农民合作社流转,发展多种形式的适度规模经营。土地流转背景下发展起来的新型农业经营主体更是成为了各界广泛关注的热点问题。新型农业经营主体的发展和农村土地流转之间关系是互为影响、密不可分的。城市化和农民就业结构转变推动了土地流转,土地的流转催生了不同类型的农业经营主体;新发展的农业经营主体又进一步引导和促进农户进行土地流转。 因此,本书运用比较分析和实证分析方法,对农地确权、农地流转和新型农业经营主体进行深入研究,以期为新型农业经营主体培育机制和推动现代化农业发展提供政策建议。
●
相关链接 在E读中查询图书 在五车中查询图书 在当当中查询图书 在豆瓣中查询图书


正题名:农地确权、农地流转与新型农业经营主体培育研究     索取号:F321.1/204         预约/预借

序号 登录号 条形码 馆藏地/架位号 状态 备注
1 1305734   213057341   第一样本阅览室/ [索取号:F321.1/204] 在馆    
2 1305735   213057350   第一借阅区/ [索取号:F321.1/204] 在馆    
3 1305736   213057369   第一借阅区/ [索取号:F321.1/204] 在馆    
唐山师范学院图书馆 欢迎您!
大连网信软件有限公司© 版权所有